BRICKLAYING: aligned to the national occupational standard
Guardat en:
| Format: | Llibre |
|---|---|
| Idioma: | anglès |
| Publicat: |
engage Learning EMEA,
2012.
|
| Etiquetes: |
Afegir etiqueta
Sense etiquetes, Sigues el primer a etiquetar aquest registre!
|
MARC
| LEADER | 00000nam a22000007a 4500 | ||
|---|---|---|---|
| 008 | 210419b ||||| |||| 00| 0 eng d | ||
| 020 | |a 978-1-4080-4185-7 | ||
| 245 | |a BRICKLAYING: |b aligned to the national occupational standard |c Lucy Arthy |e (Construction workbook series). |g xv, 135p | ||
| 250 | |c Lucy Arthy | ||
| 260 | |b engage Learning EMEA, |c 2012. |h Hampshire, UK: C |i 691443 (Level 1 & 2) |i 691445 |l TH5501 .B76 |m Bricklaying. | ||
| 500 | |a “It includes index”. | ||
| 942 | |a lcc |c BK |e Adeniran F. A |f 19/04/2021 | ||
| 952 | |0 0 |1 0 |2 lcc |4 0 |6 TH5501 B76 |7 0 |9 2154 |a HOL |b EDM |c QZ |d 2021-04-19 |l 0 |o TH5501 .B76 |p 2021-6008 |r 2021-04-19 00:00:00 |w 2021-04-19 |y BK | ||
| 952 | |0 0 |1 0 |2 lcc |4 0 |6 TH5501 B76 |7 0 |9 2155 |a HOL |b HOL |c QZ |d 2021-04-19 |l 0 |o TH5501 .B76 |p 2021-6009 |r 2021-04-19 00:00:00 |w 2021-04-19 |y BK | ||
| 999 | |c 1120 |d 1120 | ||